1119 1619 1822 1861 1442 1147 1415 1900 1376 1211 1908 1717 1681 1990 1460 1216 1912 1978 1934 1606 1169 1630 1065 1600 1844 1046 1988 1852 1049 1712 1551 1088 1764 1196 1905 1071 1555 1658 1231 1062 1068 1825 1871 1724 1517 1430 1364 1531 1584 1826 1529 1563 1599 1704 1478 1905 1876 1603 1406 1667 1763 1992 1615 1255 1248 1688 1978 1861 1471 1407 1331 1496 1042 1953 1426 1372 1715 1316 1885 1528 1652 1910 1466 1206 1334 1886 1927 1872 1481 1417 1442 1095 1152 1487 1982 1169 1231 1263 1849 BCNSPRNW ULIB Ver.6.0+V

เปลี่ยนเป็นภาษาไทย

Change to English
 แสดงรายละเอียดบรรณานุกรม
  กลับหน้าหลัก

Brief Record : Get Marc (ISO 2709) : E-mail record : QR code < ปิดหน้าต่าง
LEADER : 00000nam 2200000uu 4500
001    13399111566
003     ULIB
008    110701s||||||||th 000 0 tha d
020    9742727708
050  4 BQ4570^bว384ธ 2548
100 0  ว. วชิรเมธี
245 10 ธรรมะติดปีก /^cว.วชิรเมธี
250    พิมพ์ครั้งที่ 9
260    กรุงเทพฯ :^bอมรินทร์,^c2548
300    198 หน้า :^bภาพประกอบ ;^c17 ซม.
440  0 ธรรมะประยุกต์ ;^vลำดับที่ 1
650  7 ธรรมะ (พุทธศาสนา)
650  7 ธรรมะกับชีวิตประจำวัน
650  7 พุทธศาสนา
945    ^p125^l0^i023165
945    ^p125^l0^i017917
995    ทศพร
999 ^a ใช้งานได้ทุกระบบ
รายการนี้ยังไม่มีแท็ก
คุณยังไม่ได้ล็อกอิน คุณสามารถมีกิจกรรมร่วมกับเว็บไซต์ได้ แต่ต้องล็อกอินก่อน ::
  ล็อกอิน

รายการสื่อสารสนเทศ

ลำดับที่ ประเภท เลขเรียก/บาร์โค้ด สถานที่ สถานะ
- ไม่พบข้อมูล -

รายการใกล้เคียง
    ผู้แต่ง [ว. วชิรเมธี]

    หัวเรื่อง [ธรรมะ (พุทธศาสนา)]
    หัวเรื่อง [ธรรมะกับชีวิตประจำวัน]
    หัวเรื่อง [พุทธศาสนา]

BibComment


ยังไม่เคยถูกคอมเมนท์

คอมเมนท์ทรัพยากรรายการนี้
  คอมเมนท์: ธรรมะติดปีก ววชิ..


 Copyright 2026. Bcnsprnw @Library